000 01219nam a22003377a 4500
003 CHAP
005 20220329140415.0
008 971013s1980 r 00010 d
010 _a51524
011 _a52496
035 _a56646
040 _cCHAP
090 _aTesis
100 0 0 _aTovar Gómez, Angélica.
_9114399
245 _aSelección masal moderna de la variedad Tecmon-1 y comparación de rendimiento de 8 variedades de girasol (Helianthus annuus L.) , en Apodaca, N.L.
260 _aMonterrey, N.L. :
_bEl autor,
_c1980
300 _a76 h.
_b: gráfs.
502 _aTesis (Ing. Agr. en Producción Agropecuaria) -- ITESM. Div. de Ciencias Agropecuarias y Marítimas
590 _aALEPH
_b10
_c20130110
_lUCH01
_h1327
590 _aBATCH-UPD
_b10
_c20130110
_lUCH01
_h0506
590 _aBATCH-UPD
_b10
_c20130110
_lUCH01
_h2250
590 _aBATCH-UPD
_b10
_c20130410
_lUCH01
_h0143
590 _aBATCH-UPD
_b10
_c20130914
_lUCH01
_h1544
590 _aCONVERSION
_b10
_c20130109
_lUCH01
_h1328
650 1 4 _aGirasol
_xRendimiento.
_948171
650 1 4 _aGirasol
_xSelección masal.
_948174
650 1 4 _aGirasol
_xVariedades.
_948186
901 _aBK
942 _cTESIS
949 _bBC
_cTES
_d-123671
_eTS1
_i56646
_si
999 _c51524
_d51524